Evidencias en Cardiología IV. Manual práctico. (Registro nro. 2246)

Detalles MARC
000 -LEADER
fixed length control field 01801nam a2200361 a 4500
005 - FECHA ULTIMA MODIFICACION
control field 20240412115347.0
008 - CAMPO DE CONTROL (LIBRO)
fixed length control field 110405t2005||||AG a f |||| 001 0 spa d
020 ## - INTERNATIONAL STANDARD BOOK NUMBER
ISBN 9879838831
041 ## - CODIGO DE IDIOMA
Código de idioma del texto/pista de sonido o título separado spa
092 ## - SIGNATURA TOPOGRAFICA DEWEY LOCAL
número de clasificación 616.12
libristica 17
sección DOV
100 1# - ENTRADA PRINCIPAL--NOMBRE PERSONAL
Nombre personal Doval, Hernán C.
9 (RLIN) 3035
245 ## - TITULO PROPIAMENTE DICHO
Título Evidencias en Cardiología IV. Manual práctico.
Subtítulo y Título paralelo De los ensayos clínicos a las conductas terapéuticas /
Mención de responsabilidad y remanente de la transcripción de la portada Hernán C. Doval
250 ## - MENCION DE EDICION
Mención de edición 4a ed. ampliada y actualizada
260 ## - PIE DE IMPRENTA
Lugar de publicación, distribución, etc Buenos Aires:
Nombre de la editorial, distribuidor, etc GEDIC;
Fecha de publicación 2005.
300 ## - DESCRIPCION FISICA
Extension 790 p.
Otros detalles físicos il.
500 ## - NOTA GENERAL
Nota general Doval, H. C. et al. (2005). Evidencias en Cardiología IV. Manual práctico. De los ensayos clínicos a las conductas terapéuticas. (4a ed.). Buenos Aires : GEDIC ; Atlante.
653 ## - TÉRMINO INDIZADO - PALABRAS CLAVES
Palabra clave Prevención cardiovascular
653 ## - TÉRMINO INDIZADO - PALABRAS CLAVES
Palabra clave Cardiopatía isquémica
653 ## - TÉRMINO INDIZADO - PALABRAS CLAVES
Palabra clave Insuficiencia cardíaca y miocardiopatías
653 ## - TÉRMINO INDIZADO - PALABRAS CLAVES
Palabra clave Arritmias y síncopes
653 ## - TÉRMINO INDIZADO - PALABRAS CLAVES
Palabra clave Valvulopatías
653 ## - TÉRMINO INDIZADO - PALABRAS CLAVES
Palabra clave Enfermedad vascular
653 ## - TÉRMINO INDIZADO - PALABRAS CLAVES
Palabra clave Efectos adversos por grupos terapéuticos
653 ## - TÉRMINO INDIZADO - PALABRAS CLAVES
Palabra clave Apéndice. A: Criterios electrocardiográficos de hipertrofia ventricular. B: Criterios de Framingham para el diagnóstico de ICC. C: Cateterismo con Swan-Ganz (valores normales en mmHg). 1-Cálculo de parámetros hemodinámicos habituales. 2-Curvas normales.
653 ## - TÉRMINO INDIZADO - PALABRAS CLAVES
Palabra clave Frogas: 1-Inotrópicos. 2-Antihipertensivos y vasodilatadores. 3-Inhibidores de glicoproteína llb-lla. 4-Trombolíticos
653 ## - TÉRMINO INDIZADO - PALABRAS CLAVES
Palabra clave Estratificación de riesgo. 1-Riesgo clínico (pre-test) de tromboembolismo de pulmón. 2-Angina inestable
700 1# - ENTRADAS SECUNDARIAS - NOMBRE PERSONAL
Nombre personal Tajer, Carlos D.
9 (RLIN) 3036
700 1# - ENTRADAS SECUNDARIAS - NOMBRE PERSONAL
Nombre personal Ferrante, Daniel
Función Coord.
9 (RLIN) 3037
700 1# - ENTRADAS SECUNDARIAS - NOMBRE PERSONAL
Nombre personal Gagliardi, Juan
Función Co-dir
9 (RLIN) 3038
700 1# - ENTRADAS SECUNDARIAS - NOMBRE PERSONAL
Nombre personal De Abreu, Maximiliano
Función Coord.
9 (RLIN) 3039
700 1# - ENTRADAS SECUNDARIAS - NOMBRE PERSONAL
Nombre personal Mariani, Javier
Función Cood.
9 (RLIN) 3040
942 ## - ADDED ENTRY ELEMENTS (KOHA)
Source of classification or shelving scheme Dewey Decimal Classification
Item type Libros
Existencias
Estado de retiro Existencia Fuente de clasificación Estado general No para prestamo Ubicación permanente ubicación actual Sala de ubicación Fecha de adquisición Fuente de adquisición Total Checkouts Número de clasificación Código de barras Date last seen Date last borrowed Número de ejemplar Price effective from Koha tipo de elemento (item) Public note
    Dewey Decimal Classification     Biblioteca Medicina Biblioteca Medicina Circulación 17/03/2016 Donación marzo 2016 1 616.12 17 DOV 3638 05/08/2025 03/07/2025 Ej.1 17/03/2016 Libros Donación marzo 2016

UNIVERSIDAD NACIONAL DEL COMAHUE
Biblioteca de la Facultad de Ciencias Médicas
Sede Toschi: Los Arrayanes y Av. Toschi, Cipolletti  - Rio Negro
Sede Los Tordos:  Yrigoyen al 2211, Cipolletti - Rio Negro 

Teléfono: 0299 - 4774707 int 25
Contacto: biblioteca@facimed.uncoma.edu.ar
© 2011 - 2026